000 00489nam a22001457a 4500
008 161007b xxu||||| |||| 00| 0 eng d
050 _aL DS557.72.V666
245 _aThe Vietnam war
_b:the illustrated history of the conflict in Southeast Asia
_c/edited by Ray Bonds
260 _aLondon
_bSalamander Book
_c1983
300 _a261p.;
_c30cm.
650 _aVietnam war
_926569
650 _aVietnam war
_xPictorial works
_926570
710 _aBonds,Ray
_eed.
_926579
942 _2lcc
_cMONOGRAPH
999 _c125459
_d125459